The Alphabet - Backwards! - Statistics

General Stats
  • This quiz has been taken 5,591 times
  • The average score is 13 of 26
Answer Stats
Letter % Correct
Z
98%
Y
95%
X
92%
W
87%
V
81%
U
78%
T
73%
S
69%
R
65%
Q
59%
P
54%
O
49%
M
44%
N
44%
L
39%
K
34%
J
31%
I
29%
H
26%
G
24%
F
22%
E
20%
A
19%
D
19%
B
18%
C
18%
No matching quizzes found
Score Distribution
Percent of People with Each Score
Percentile by Number Answered
Your Score History
You have not taken this quiz